000
00255nam a2200109Ia 4500
008
220120s9999||||xx |||||||||||||| ||und||
082
_a
005.1 BAN
100
_a
Banerjee, Avik
245
0
_a
Sprite of C and data structures
300
_b
0
650
_a
CIVIL
999
_c
136388
_d
136388